Cultural and economic reproduction in education : essays on class, ideology, and the state

Αποθηκεύτηκε σε:
Λεπτομέρειες βιβλιογραφικής εγγραφής
Άλλοι συγγραφείς: Apple, Michael W.
Μορφή: Βιβλίο
Γλώσσα:English
Δημοσίευση: London : Boston : Routledge & Kegan Paul, 1982
Σειρά:Routledge education books
Θέματα:
Ετικέτες: Προσθήκη ετικέτας
Δεν υπάρχουν, Καταχωρήστε ετικέτα πρώτοι!

MARC

LEADER 00000cam a2200000 i 4500
001 1/31340
008 950811s1982 eng d
020 |a 0710008457 ((pbk.))  |c $24.00 
020 |a 0710008465  |c $14.00 
035 |l 10023562 
040 |a GR-MY-UA  |b gre  |e aacr 
041 0 |a eng 
082 0 |a 370.19  |2 (19) 
245 1 0 |a Cultural and economic reproduction in education :  |b essays on class, ideology, and the state /  |c [edited by] Michael W. Apple 
260 |a London :   |a Boston :   |b Routledge & Kegan Paul,   |c 1982 
300 |a x, 362 p.;  |b ill.;  |c 22 cm 
490 1 |a Routledge education books 
504 |a Includes bibliographies and index 
505 0 |a Reproduction and contradiction in education / Michael W. Apple -- Education and class formation / David Hogan -- Education, economy, and the state / Martin Carnoy -- Education and the capitalist state / Roger Dale -- Schooling and the reproduction of patriarchy / Gail P. Kelly and Ann S. Nihlen -- The arts in class reproduction / Paul DiMaggio and Michael Useem -- Television's screens / Todd Gitlin -- Curricular form and the logic of technical control / Michael W. Apple --Structure, text, and subject / Philip Wexler -- Codes, modalities, and the process of cultural reproduction / Basil Bernstein 
650 0 0 |a Education  |x Social aspects. 
650 0 0 |a Education  |x Economic aspects. 
650 0 0 |a Social evolution. 
650 0 0 |a Social control. 
650 0 0 |a Social structure. 
650 0 0 |a Speeches, addresses, etc. 
700 1 |a Apple, Michael W. 
830 0 |a Routledge education books 
852 |a INST  |b CHIOS  |e 19950811  |h 370.19 CUL  |p 005200005037  |q 005200005037  |t BK  |y 0 
909 |a Χ  |b 001695